Agricoltura : tratta da diversi antichi et moderni scrittori /

Bibliographic Details
Main Author: Herrera, Gabriel Alonso de, active 15th/16th century
Format: eBook
Language:Italian
Published: In Venetia : Appresso Nicolò Polo, [1592]
Series:Making of the modern world (Goldsmiths'-Kress Library of Economic Literature)
Subjects:
Online Access:Connect to the full text of this electronic book

MARC

Tag First Indicator Second Indicator Subfields
LEADER 00000cam a2200000La 4500
001 in00002292813
005 20190326195446.0
006 m | d |
007 cr |n||||||||n
008 881007s1592 xx s 000 0 ita d
040 |a GKS  |c GKS  |d OCL  |d OCLCQ  |d Thomson Gale  |d UtOrBLW 
041 1 |a ita  |h spa 
100 1 |a Herrera, Gabriel Alonso de,  |d active 15th/16th century. 
240 1 0 |a Obra de agricultura.  |l Italian 
245 1 0 |a Agricoltura :  |b tratta da diversi antichi et moderni scrittori /  |c dal sig. Gabriello Alfonso d'Herrera et tradotta di lingua Spagnuola in Italiana da Mambrino Roseo da Fabriano ; nellaquale si contengono le regole, i modi, & l'vsanze che si osservano nell'arrare la terra, & piantar levigne & gli alberi, governare i bestiami, & fare ottimamente cioche all'agricoltura s'appartiene ... 
264 1 |a In Venetia :  |b Appresso Nicolò Polo,  |c [1592] 
300 |a 16 unnumbered pages 263, that is, 283 pagesleaves. 
336 |a text  |b txt  |2 rdacontent 
337 |a computer  |b c  |2 rdamedia 
338 |a online resource  |b cr  |2 rdacarrier 
500 |a Translation of: Obra de agricultura. 
500 |a Reproduction of original from Goldsmiths' Library, University of London. 
500 |a Goldsmiths'-Kress number 00258. 
510 4 |a OCLC,  |c 20889493 
533 |a Electronic reproduction.  |b Farmington Hills, Mich. :  |c Thomson Gale,  |d 2005.  |f (The making of the modern world).  |n Available via the World Wide Web.  |n Access limited to licensing agreements.  |7 s2005 miunns 
500 |a Electronic resource. 
650 0 |a Agriculture  |v Early works to 1800. 
655 0 |a Electronic books. 
830 0 |a Making of the modern world (Goldsmiths'-Kress Library of Economic Literature) 
856 4 0 |u http://proxy.library.tamu.edu/login?url=http://galenet.galegroup.com/servlet/MOME?af=RN&ae=U101462848&srchtp=a&ste=14&locID=txshracd2898  |z Connect to the full text of this electronic book  |t 0 
999 |a MARS 
999 f f |s 23889cb8-f4b1-3986-9288-03e43c00be58  |i 85e3c411-4926-3d83-9656-96ebcd68007c  |t 0 
952 f f |a Texas A&M University  |b College Station  |c Electronic Resources  |d Available Online  |t 0  |h No information provided 
998 f f |t 0  |l Available Online